Washington Commanders Playoff Roster - Statistics

General Stats
  • This quiz has been taken 232 times
    231 since last reset
  • The average score is 19 of 30
Answer Stats
Hint Answer % Correct
QB Jayden Daniels
100%
WR Terry McLaurin
96%
RB Brian Robinson Jr.
94%
HC Dan Quinn
90%
WR Dyami Brown
90%
TE Zach Ertz
89%
LB Bobby Wagner
81%
LB Frankie Luvu
75%
CB Marshon Lattimore
75%
DT Jonathan Allen
73%
RG Sam Cosmi
73%
DT Daron Payne
72%
P Tress Way
70%
H Tress Way
70%
WR Olamide Zaccheaus
67%
SS Jeremy Chinn
62%
C Tyler Biadasz
57%
PK Zane Gonzalez
57%
DE Dorance Armstrong
56%
NB Mike Sainristil
56%
LB Dante Fowler Jr.
54%
CB Benjamin St-juste
52%
FS Quan Martin
52%
LT Brandon Coleman
49%
RT Andrew Wylie
48%
PR Jamison Crowder
45%
LG Nick Allegretti
44%
DE Clelin Ferrell
28%
LS Tyler Ott
27%
KR Noah Igbinoghene
20%
No matching quizzes found
Score Distribution
Percent of People with Each Score
Percentile by Number Answered
Your Score History
You have not taken this quiz since the last reset